000 00561cam a22001814a 4500
020 _a0072339594 (softcover)
040 _cDLC
082 0 0 _a174 HIL 2000 A001 Or.
100 1 _aSchinzinger, Roland.
245 1 0 _aIntroduction to engineering ethics /
260 _aBoston :
_bMcGraw Hill,
_c2000.
300 _axi, 260 p. :
_bill. ;
_c24 cm.
650 0 _aEngineering ethics.
700 1 _aMartin, Mike W.,
856 4 2 _uhttp://www.loc.gov/catdir/description/mh023/99039643.html
856 4 1 _uhttp://www.loc.gov/catdir/toc/mh023/99039643.html
942 _cEK
999 _c11468
_d11468